Rapid rular transformation through voluntary action / (Record no. 124553)
[ view plain ]
| 000 -LEADER | |
|---|---|
| fixed length control field | 00768nam a22002537a 4500 |
| 003 - CONTROL NUMBER IDENTIFIER | |
| control field | 0 |
| 005 - DATE AND TIME OF LATEST TRANSACTION | |
| control field | 20180721104344.0 |
| 008 - FIXED-LENGTH DATA ELEMENTS--GENERAL INFORMATION | |
| fixed length control field | 0 |
| 010 ## - LIBRARY OF CONGRESS CONTROL NUMBER | |
| LC control number | A-896389 |
| 020 ## - INTERNATIONAL STANDARD BOOK NUMBER | |
| Terms of availability | 00.00 |
| International Standard Book Number | 817533052 |
| 035 ## - SYSTEM CONTROL NUMBER | |
| System control number | A-896389, A-896390 |
| 037 ## - SOURCE OF ACQUISITION | |
| Source of stock number/acquisition | Cen Lib/Ret |
| 040 ## - CATALOGING SOURCE | |
| Original cataloging agency | DPL |
| Language of cataloging | EN |
| Transcribing agency | 0 |
| 082 ## - DEWEY DECIMAL CLASSIFICATION NUMBER | |
| Classification number | 338.954 |
| Item number | NOM |
| 100 ## - MAIN ENTRY--PERSONAL NAME | |
| Personal name | Noman Ahmad, Syed |
| 9 (RLIN) | 11137 |
| 245 ## - TITLE STATEMENT | |
| Title | Rapid rular transformation through voluntary action / |
| Statement of responsibility, etc | by Syed Noman Ahamd |
| 260 ## - PUBLICATION, DISTRIBUTION, ETC. (IMPRINT) | |
| Place of publication, distribution, etc | New Delhi |
| Name of publisher, distributor, etc | M D Publications |
| Date of publication, distribution, etc | 1997 |
| 270 ## - ADDRESS | |
| City | New Delhi |
| Address | B/23-E, Greater Kailash |
| Postal code | 110048 |
| 300 ## - PHYSICAL DESCRIPTION | |
| Extent | 132p. |
| Dimensions | 22cmHb) |
| 500 ## - GENERAL NOTE | |
| General note | Includes bibliographic references and index |
| 650 ## - SUBJECT ADDED ENTRY--TOPICAL TERM | |
| Topical term or geographic name as entry element | Economic transformation |
| 9 (RLIN) | 11138 |
| 650 ## - SUBJECT ADDED ENTRY--TOPICAL TERM | |
| Topical term or geographic name as entry element | Rular economic |
| 9 (RLIN) | 11139 |
| 942 ## - ADDED ENTRY ELEMENTS (KOHA) | |
| Source of classification or shelving scheme | Dewey Decimal Classification |
| Koha item type | English Books |
| Classification part | 338.954 |
| Call number suffix | NOM |
| Withdrawn status | Lost status | Damaged status | Not for loan | Collection code | Home library | Current library | Date acquired | Source of acquisition | Cost, normal purchase price | Total Checkouts | Full call number | Barcode | Date last seen | Copy number | Cost, replacement price | Price effective from | Koha item type | Public note | Source of classification or shelving scheme |
|---|---|---|---|---|---|---|---|---|---|---|---|---|---|---|---|---|---|---|---|
| Written off | Not For Loan | Reference | Central Library | Central Library | 17/06/2015 | Cen Lib/Ret | 0.00 | 338.954 NOM | A-896389 | 17/06/2015 | 1 | 0.00 | 15/09/2016 | English Books | Written off on approval by DLB (By Circulation); dtd 15-06-2023 | ||||
| Non-fiction | Patel Nagar | Patel Nagar | 21/07/2018 | BPPD/Pub | 0.00 | 338.954 NOM | A-896390 | 21/07/2018 | 0.00 | 21/07/2018 | English Books | Dewey Decimal Classification |
